000 00716nam a2200229 a 4500
001 41877
003 BD-RjUL
005 20211209053450.0
008 160607s1962 bg ||||| |||| 00| 0 ben d
035 _a(BD-RjUL)41995
040 _aBD-RjUL
_bben
_cBD-RjUL
041 _aben
082 _223
_a297
_bKAM 1962
100 _aকরিম, ফজলুল
_9128670
245 1 0 _aমানব ধর্ম্ন /
_cফজলুল করিম
250 _a৪র্থ সং.
260 _aঢাকা :
_bতাজ,
_c১৯৬২, ১৯৬৮
300 _a[১৪], ৩৪২ পৃ. ;
_c২১ সেমি.
650 _aইসলাম
_9128671
650 _aIslam
_9128672
942 _2ddc
_cBK
999 _c41877
_d41877